000 00508 a2200181 4500
003 OSt
005 20231130125615.0
008 231130b |||||||| |||| 00| 0 eng d
020 _a9789355497437
040 _coclc
082 _a894.8123
_bIND/V
100 _aIndugopan, G R
_98021
245 _aVilayath Budha /
_cG.R. Indugopan
250 _a11th ed.
260 _aKozhikode:
_bMathrubhumi Books,
_c2023.
300 _a127p.
942 _2ddc
_cBK
_h894.8123
_iIND/V
_k894.8123
_mIND/V
999 _c43897
_d43897